000 00631 am a2200205 a 4500
005 20231211122107.0
008 100615s1995||||ag a g |||| 001 0 spa d
020 _a9879554302
041 _aspa
092 _c617.73
_l15
_sDEL
100 1 _aDel Sel, José Manuel.
_91222
245 4 _a100 lecciones de ortopedia en buen romance /
_cJosé Manuel Del Sel.
250 _a1a ed.
260 _aBuenos Aires:
_bLa Balsa;
_c1995.
300 _a94 p.
_bil.
500 _aDel Sel, J. M. (1995). 100 lecciones de ortopedia en buen romance. (1a ed.). Buenos Aires : La Balsa.
653 _aOrtopedia
930 _a1693
942 _2ddc
_cBK
999 _c367
_d367